000 00431nam a2200181Ia 4500
001 2722
005 20260306144828.0
008 260306t2015||||xx |||||||||||||| ||spa||
041 _aESP
082 _a219
_bD79
100 _aSarah, Robert Cardenal
_eAUT
245 0 _aDios o nada:
_bentrevista sobre la fe
260 _c2015
300 _a347 páginas :
_c21 cm.
650 _aGEN
654 _aCHU
942 _cLIB
_dJUS
_fJUS
_2ddc
_n
999 _c2722
_d2722